[Event "V4Liptov2018"]
[Site "?"]
[Date "2018.06.26"]
[Round "7.17"]
[White "Lengyel, Andrea"]
[Black "Postanogov, Dmitrii"]
[Result "0-1"]
[BlackElo "1743"]
[WhiteElo "1938"]
[LiveChessVersion "1.4.8"]

1. d4 {[%clk 1:00:58]} d5 {[%clk 1:00:55]} 2. Nf3 {[%clk 1:01:22]} Nf6
{[%clk 1:01:16]} 3. c4 {[%clk 1:01:48]} c6 {[%clk 1:01:39]} 4. e3
{[%clk 1:02:11]} Bg4 {[%clk 1:02:02]} 5. Nc3 {[%clk 1:02:27]} e6 {[%clk 1:02:00]}
6. h3 {[%clk 1:02:52]} Bh5 {[%clk 1:00:57]} 7. g4 {[%clk 1:03:04]} Bg6
{[%clk 1:01:20]} 8. Ne5 {[%clk 1:03:32]} Nbd7 {[%clk 1:01:17]} 9. Nxg6
{[%clk 1:03:43]} hxg6 {[%clk 1:01:39]} 10. a3 {[%clk 1:03:18]} Bd6
{[%clk 0:53:38]} 11. cxd5 {[%clk 1:02:29]} exd5 {[%clk 0:51:21]} 12. Qf3
{[%clk 0:57:09]} Qe7 {[%clk 0:43:27]} 13. Bd2 {[%clk 0:55:47]} Ne4
{[%clk 0:40:32]} 14. O-O-O {[%clk 0:51:48]} Ndf6 {[%clk 0:32:02]} 15. Bd3
{[%clk 0:49:33]} O-O-O {[%clk 0:28:15]} 16. Qg2 {[%clk 0:47:23]} Nxc3
{[%clk 0:26:20]} 17. Bxc3 {[%clk 0:47:37]} Ne4 {[%clk 0:25:56]} 18. Bxe4
{[%clk 0:47:15]} dxe4 {[%clk 0:20:23]} 19. f4 {[%clk 0:36:59]} Qe6
{[%clk 0:14:24]} 20. Rhf1 {[%clk 0:31:07]} f5 {[%clk 0:14:05]} 21. gxf5
{[%clk 0:29:37]} Qxf5 {[%clk 0:14:26]} 22. d5 {[%clk 0:21:08]} cxd5
{[%clk 0:14:31]} 23. Bxg7 {[%clk 0:20:44]} Rh7 {[%clk 0:14:11]} 24. Bd4
{[%clk 0:18:55]} Kb8 {[%clk 0:13:59]} 25. Rh1 {[%clk 0:17:40]} Rg8
{[%clk 0:12:46]} 26. h4 {[%clk 0:15:00]} Qe6 {[%clk 0:10:37]} 27. Qg5
{[%clk 0:11:40]} Rh5 {[%clk 0:10:59]} 28. Qf6 {[%clk 0:08:42]} Qxf6
{[%clk 0:10:45]} 29. Bxf6 {[%clk 0:09:10]} Rf8 {[%clk 0:11:08]} 30. Bg5
{[%clk 0:08:54]} Rf5 {[%clk 0:11:32]} 31. b4 {[%clk 0:07:48]} Rh8
{[%clk 0:10:01]} 32. Rd2 {[%clk 0:05:49]} Kc7 {[%clk 0:10:13]} 33. Rhd1
{[%clk 0:05:25]} Kc6 {[%clk 0:10:37]} 34. Kb2 {[%clk 0:05:06]} a6
{[%clk 0:10:35]} 35. Kb3 {[%clk 0:05:09]} Rb8 {[%clk 0:10:02]} 36. Rc2+
{[%clk 0:04:29]} Kd7 {[%clk 0:10:20]} 37. Rdc1 {[%clk 0:04:52]} Rff8
{[%clk 0:09:42]} 38. Rc3 {[%clk 0:02:42]} Rfe8 {[%clk 0:08:40]} 39. Rd1
{[%clk 0:02:07]} Ke6 {[%clk 0:08:58]} 40. a4 {[%clk 0:02:19]} b5 {[%clk 0:08:10]}
41. a5 {[%clk 0:01:38]} Rec8 {[%clk 0:08:30]} 42. Rd4 {[%clk 0:01:09]} Rc4
{[%clk 0:08:25]} 43. Bh6 {[%clk 0:00:48]} Bxb4 {[%clk 0:08:15]} 44. Rcxc4
{[%clk 0:00:42]} bxc4+ {[%clk 0:08:40]} 45. Ka4 {[%clk 0:00:52]} Bc5
{[%clk 0:09:04]} 46. Rd1 {[%clk 0:01:07]} Rb4+ {[%clk 0:09:29]} 0-1

[Event "V4Liptov2018"]
[Site "?"]
[Date "2018.06.26"]
[Round "7.18"]
[White "Sorokin, Artem"]
[Black "Zlotov, Viktor"]
[Result "1-0"]
[BlackElo "1630"]
[WhiteElo "1592"]
[LiveChessVersion "1.4.8"]

1. e4 {[%clk 1:00:57]} c5 {[%clk 1:00:52]} 2. Nf3 {[%clk 1:01:24]} d6
{[%clk 1:01:16]} 3. d4 {[%clk 1:01:50]} cxd4 {[%clk 1:01:38]} 4. Nxd4
{[%clk 1:02:17]} Nf6 {[%clk 1:01:58]} 5. Nc3 {[%clk 1:02:43]} g6 {[%clk 1:02:20]}
6. Be3 {[%clk 1:03:09]} Bg7 {[%clk 1:02:43]} 7. f3 {[%clk 1:03:32]} O-O
{[%clk 1:03:07]} 8. Qd2 {[%clk 1:03:58]} Bd7 {[%clk 1:03:23]} 9. g4
{[%clk 1:04:22]} Nc6 {[%clk 1:03:27]} 10. O-O-O {[%clk 1:03:31]} Rc8
{[%clk 1:03:09]} 11. h4 {[%clk 0:59:05]} h5 {[%clk 1:03:30]} 12. gxh5
{[%clk 0:59:15]} Nxh5 {[%clk 1:03:53]} 13. Rg1 {[%clk 0:58:59]} a6
{[%clk 1:00:26]} 14. Nce2 {[%clk 0:49:50]} Qc7 {[%clk 0:57:53]} 15. Kb1
{[%clk 0:49:21]} b5 {[%clk 0:50:17]} 16. Nxc6 {[%clk 0:45:58]} Qxc6
{[%clk 0:50:10]} 17. Nd4 {[%clk 0:46:05]} Qc7 {[%clk 0:49:17]} 18. c3
{[%clk 0:43:42]} b4 {[%clk 0:47:31]} 19. cxb4 {[%clk 0:30:48]} Ba4
{[%clk 0:45:20]} 20. Rc1 {[%clk 0:22:14]} Qxc1+ {[%clk 0:45:09]} 21. Qxc1
{[%clk 0:22:41]} Rxc1+ {[%clk 0:45:32]} 22. Kxc1 {[%clk 0:23:03]} Rc8+
{[%clk 0:45:06]} 23. Kd2 {[%clk 0:14:36]} e5 {[%clk 0:38:50]} 24. Nb3
{[%clk 0:14:40]} Bxb3 {[%clk 0:39:06]} 25. axb3 {[%clk 0:15:06]} Rb8
{[%clk 0:38:49]} 26. Bxa6 {[%clk 0:14:23]} Rxb4 {[%clk 0:38:52]} 27. Bc4
{[%clk 0:14:48]} Nf4 {[%clk 0:37:12]} 28. Bxf4 {[%clk 0:07:44]} exf4
{[%clk 0:37:30]} 29. Rxg6 {[%clk 0:05:39]} Kh7 {[%clk 0:36:41]} 30. Rxd6
{[%clk 0:05:34]} Bxb2 {[%clk 0:36:22]} 31. Rd7 {[%clk 0:05:38]} Kg6
{[%clk 0:36:06]} 32. Bxf7+ {[%clk 0:05:04]} Kf6 {[%clk 0:36:27]} 33. Bc4
{[%clk 0:05:10]} Rb8 {[%clk 0:36:09]} 34. Rf7+ {[%clk 0:03:33]} 1-0

[Event "V4Liptov2018"]
[Site "?"]
[Date "2018.06.26"]
[Round "7.19"]
[White "Grimm, Balazs"]
[Black "Vorobieva, Varvara"]
[Result "1/2-1/2"]
[BlackElo "1604"]
[WhiteElo "1731"]
[LiveChessVersion "1.4.8"]

1. e4 {[%clk 1:00:59]} e5 {[%clk 1:00:50]} 2. Nc3 {[%clk 1:01:24]} Nf6
{[%clk 1:01:12]} 3. Nf3 {[%clk 1:01:40]} Nc6 {[%clk 1:01:37]} 4. Bc4
{[%clk 1:01:50]} Nxe4 {[%clk 1:01:58]} 5. Nxe4 {[%clk 1:02:10]} d5
{[%clk 1:02:21]} 6. Bd3 {[%clk 1:02:33]} dxe4 {[%clk 1:02:34]} 7. Bxe4
{[%clk 1:02:59]} Bd6 {[%clk 1:01:39]} 8. O-O {[%clk 1:02:44]} O-O
{[%clk 1:02:00]} 9. h3 {[%clk 1:03:07]} h6 {[%clk 0:52:42]} 10. c3
{[%clk 1:02:36]} Qf6 {[%clk 0:48:53]} 11. d3 {[%clk 0:58:49]} Bf5
{[%clk 0:47:00]} 12. Be3 {[%clk 0:57:40]} Rad8 {[%clk 0:41:18]} 13. Qb3
{[%clk 0:57:20]} Bxe4 {[%clk 0:38:48]} 14. dxe4 {[%clk 0:57:44]} b6
{[%clk 0:38:17]} 15. Rad1 {[%clk 0:57:09]} a5 {[%clk 0:35:06]} 16. Nd2
{[%clk 0:55:39]} Ne7 {[%clk 0:28:54]} 17. Nc4 {[%clk 0:54:50]} Ng6
{[%clk 0:29:17]} 18. Nxd6 {[%clk 0:54:20]} Rxd6 {[%clk 0:29:39]} 19. Rxd6
{[%clk 0:54:32]} Qxd6 {[%clk 0:30:03]} 20. Rd1 {[%clk 0:54:59]} Qe7
{[%clk 0:27:23]} 21. Qd5 {[%clk 0:54:40]} Re8 {[%clk 0:27:05]} 22. c4
{[%clk 0:52:13]} Nf4 {[%clk 0:25:48]} 23. Qd7 {[%clk 0:51:28]} Qxd7
{[%clk 0:22:14]} 24. Rxd7 {[%clk 0:51:51]} Ne6 {[%clk 0:22:03]} 25. Rd5
{[%clk 0:51:40]} Nf4 {[%clk 0:20:46]} 26. Rd2 {[%clk 0:51:04]} Ne6
{[%clk 0:20:52]} 27. c5 {[%clk 0:49:30]} Nxc5 {[%clk 0:19:15]} 28. Bxc5
{[%clk 0:49:54]} bxc5 {[%clk 0:19:41]} 29. Rd5 {[%clk 0:50:18]} Rb8
{[%clk 0:20:04]} 30. Rxc5 {[%clk 0:50:31]} Rxb2 {[%clk 0:20:27]} 31. Rxa5
{[%clk 0:50:57]} f6 {[%clk 0:20:39]} 32. Ra8+ {[%clk 0:51:14]} Kh7
{[%clk 0:20:44]} 33. Rc8 {[%clk 0:49:37]} Rxa2 {[%clk 0:21:07]} 34. Rxc7
{[%clk 0:50:05]} Ra1+ {[%clk 0:20:26]} 1/2-1/2

[Event "V4Liptov2018"]
[Site "?"]
[Date "2018.06.26"]
[Round "7.20"]
[White "Usarova, Evita"]
[Black "Kovacs, Lilla"]
[Result "1-0"]
[BlackElo "1640"]
[WhiteElo "1589"]
[LiveChessVersion "1.4.8"]

1. e4 {[%clk 1:00:56]} c6 {[%clk 1:00:48]} 2. d4 {[%clk 1:01:21]} d5
{[%clk 1:01:12]} 3. exd5 {[%clk 1:01:47]} cxd5 {[%clk 1:01:37]} 4. Bd3
{[%clk 1:02:13]} Nf6 {[%clk 1:00:46]} 5. c3 {[%clk 1:02:20]} a6 {[%clk 0:59:29]}
6. Bf4 {[%clk 0:58:41]} e6 {[%clk 0:57:40]} 7. Nf3 {[%clk 0:58:32]} Bd6
{[%clk 0:55:45]} 8. Bxd6 {[%clk 0:58:13]} Qxd6 {[%clk 0:56:06]} 9. Ne5
{[%clk 0:49:07]} Nbd7 {[%clk 0:54:09]} 10. f4 {[%clk 0:48:11]} b5
{[%clk 0:42:03]} 11. a3 {[%clk 0:47:46]} Nb6 12. Nd2 Nc4 {[%clk 0:32:11]} 13. Rb1
{[%clk 0:43:40]} Bb7 {[%clk 0:31:02]} 14. Qe2 {[%clk 0:41:05]} Nxd2
{[%clk 0:25:43]} 15. Qxd2 {[%clk 0:41:22]} Ne4 {[%clk 0:24:16]} 16. Qe2
{[%clk 0:32:20]} f6 {[%clk 0:19:51]} 17. Qh5+ {[%clk 0:31:15]} Ke7
{[%clk 0:17:27]} 18. Qf7+ {[%clk 0:26:37]} Kd8 {[%clk 0:17:06]} 19. Qxb7
{[%clk 0:26:28]} 1-0

[Event "V4Liptov2018"]
[Site "?"]
[Date "2018.06.26"]
[Round "7.21"]
[White "Bango, Lukas"]
[Black "Pogadl, Jakub"]
[Result "1-0"]
[BlackElo "1647"]
[WhiteElo "2130"]
[LiveChessVersion "1.4.8"]

1. e4 {[%clk 0:58:59]} c5 {[%clk 1:00:39]} 2. Nf3 {[%clk 0:59:17]} Nc6
{[%clk 1:00:50]} 3. c3 {[%clk 0:59:03]} d5 {[%clk 1:00:06]} 4. exd5
{[%clk 0:59:28]} Qxd5 {[%clk 1:00:25]} 5. d4 {[%clk 0:59:54]} Bg4
{[%clk 0:57:24]} 6. Be2 {[%clk 1:00:06]} e6 {[%clk 0:54:47]} 7. O-O
{[%clk 0:59:53]} Nf6 {[%clk 0:52:27]} 8. Be3 {[%clk 1:00:12]} cxd4
{[%clk 0:51:40]} 9. cxd4 {[%clk 1:00:41]} Be7 {[%clk 0:50:39]} 10. Nc3
{[%clk 1:01:06]} Qd8 {[%clk 0:47:13]} 11. Qb3 {[%clk 1:00:17]} Qb6
{[%clk 0:42:14]} 12. Qc2 {[%clk 0:59:57]} Bf5 {[%clk 0:39:07]} 13. Qd2
{[%clk 0:59:38]} Qd8 {[%clk 0:38:28]} 14. Rad1 {[%clk 0:55:19]} Bb4
{[%clk 0:35:46]} 15. Ne5 {[%clk 0:46:47]} Ne4 {[%clk 0:27:02]} 16. Qc1
{[%clk 0:46:56]} Qa5 {[%clk 0:25:11]} 17. Nxc6 {[%clk 0:39:04]} bxc6
{[%clk 0:25:04]} 18. Nxe4 {[%clk 0:39:30]} Bxe4 {[%clk 0:25:19]} 19. a3
{[%clk 0:39:52]} Bd6 {[%clk 0:23:11]} 20. Bf4 {[%clk 0:39:53]} Bxf4
{[%clk 0:19:40]} 21. Qxf4 {[%clk 0:40:20]} Qd5 {[%clk 0:18:27]} 22. f3
{[%clk 0:37:29]} Bg6 {[%clk 0:17:28]} 23. Rc1 {[%clk 0:35:54]} O-O
{[%clk 0:16:05]} 24. Bc4 {[%clk 0:35:21]} Qd7 {[%clk 0:15:57]} 25. Rfd1
{[%clk 0:34:37]} Rfd8 {[%clk 0:15:33]} 26. Qe5 {[%clk 0:31:46]} Qd6
{[%clk 0:14:22]} 27. b4 {[%clk 0:31:17]} Rd7 {[%clk 0:10:05]} 28. Bb3
{[%clk 0:24:07]} Rad8 {[%clk 0:08:21]} 29. Kf2 {[%clk 0:24:02]} Qxe5
{[%clk 0:08:03]} 30. dxe5 {[%clk 0:24:30]} Rxd1 {[%clk 0:07:52]} 31. Rxd1
{[%clk 0:24:59]} Rxd1 {[%clk 0:08:13]} 32. Bxd1 {[%clk 0:25:28]} Bd3
{[%clk 0:03:59]} 33. Ba4 {[%clk 0:25:41]} Kf8 {[%clk 0:02:08]} 34. Bxc6
{[%clk 0:25:59]} Ke7 {[%clk 0:01:59]} 35. Ke3 {[%clk 0:26:21]} Bf1
{[%clk 0:02:15]} 36. g3 {[%clk 0:26:49]} Kd8 {[%clk 0:02:13]} 37. f4
{[%clk 0:27:02]} Kc7 {[%clk 0:00:52]} 38. Be4 {[%clk 0:27:31]} h6
{[%clk 0:01:12]} 39. Bd3 {[%clk 0:27:11]} Bg2 {[%clk 0:01:24]} 40. Bb5
{[%clk 0:26:13]} Bh1 {[%clk 0:00:36]} 41. Kd4 {[%clk 0:26:25]} Kb6
{[%clk 0:00:50]} 42. Be8 {[%clk 0:25:52]} f5 {[%clk 0:00:35]} 43. Bf7
{[%clk 0:22:54]} Bd5 {[%clk 0:00:52]} 44. h3 {[%clk 0:23:14]} Kc6
{[%clk 0:01:03]} 45. g4 {[%clk 0:23:29]} fxg4 {[%clk 0:01:09]} 46. hxg4
{[%clk 0:23:56]} Kd7 {[%clk 0:00:37]} 47. f5 {[%clk 0:23:14]} Bb3
{[%clk 0:00:37]} 48. b5 {[%clk 0:23:23]} Ke7 {[%clk 0:00:41]} 49. Bxe6
{[%clk 0:23:13]} Bxe6 {[%clk 0:01:03]} 50. fxe6 {[%clk 0:23:41]} Kxe6
{[%clk 0:01:25]} 51. a4 {[%clk 0:24:10]} g6 {[%clk 0:01:38]} 52. a5
{[%clk 0:24:37]} h5 {[%clk 0:02:01]} 53. gxh5 {[%clk 0:25:05]} gxh5
{[%clk 0:02:22]} 54. b6 {[%clk 0:25:34]} axb6 {[%clk 0:01:49]} 55. a6
{[%clk 0:26:03]} h4 {[%clk 0:02:03]} 56. a7 {[%clk 0:26:30]} 1-0

[Event "V4Liptov2018"]
[Site "?"]
[Date "2018.06.26"]
[Round "7.22"]
[White "Taragel, Marian"]
[Black "Slaba, Andrea"]
[Result "0-1"]
[BlackElo "1936"]
[WhiteElo "1609"]
[LiveChessVersion "1.4.8"]

1. e4 {[%clk 1:00:53]} g6 {[%clk 1:00:56]} 2. d4 {[%clk 1:00:28]} Bg7
{[%clk 1:01:21]} 3. c4 {[%clk 1:00:02]} d6 {[%clk 1:01:42]} 4. Nc3
{[%clk 0:58:56]} c6 {[%clk 1:01:56]} 5. Nf3 {[%clk 0:58:17]} Nf6 {[%clk 1:02:04]}
6. Be2 {[%clk 0:56:16]} O-O {[%clk 1:02:28]} 7. O-O {[%clk 0:53:16]} Qc7
{[%clk 1:02:46]} 8. Be3 {[%clk 0:50:00]} a6 {[%clk 1:02:25]} 9. Nd2
{[%clk 0:47:15]} Nbd7 {[%clk 1:00:44]} 10. f3 {[%clk 0:43:38]} e5
{[%clk 1:00:18]} 11. d5 {[%clk 0:41:35]} c5 {[%clk 1:00:36]} 12. Nb3
{[%clk 0:38:18]} Nh5 {[%clk 1:00:15]} 13. Bg5 {[%clk 0:35:06]} f6
{[%clk 0:59:53]} 14. Bh4 {[%clk 0:34:28]} Nf4 {[%clk 0:59:52]} 15. Bg3
{[%clk 0:31:46]} g5 {[%clk 0:58:34]} 16. Qd2 {[%clk 0:30:25]} h5 {[%clk 0:57:51]}
17. h3 {[%clk 0:29:08]} Nb6 {[%clk 0:56:06]} 18. Nd1 {[%clk 0:27:31]} Qd8
{[%clk 0:53:18]} 19. Ne3 {[%clk 0:26:09]} Bd7 {[%clk 0:52:06]} 20. Nf5
{[%clk 0:23:31]} Bxf5 {[%clk 0:52:19]} 21. exf5 {[%clk 0:23:52]} Qd7
{[%clk 0:52:00]} 22. Bxf4 {[%clk 0:23:50]} gxf4 {[%clk 0:52:16]} 23. Bd3
{[%clk 0:23:20]} Nc8 {[%clk 0:51:58]} 24. Nc1 {[%clk 0:22:39]} Ne7
{[%clk 0:52:01]} 25. Qc2 {[%clk 0:22:52]} b5 {[%clk 0:51:38]} 26. b3
{[%clk 0:22:59]} bxc4 {[%clk 0:51:29]} 27. bxc4 {[%clk 0:23:13]} Rab8
{[%clk 0:50:58]} 28. Ne2 {[%clk 0:23:00]} Rb7 {[%clk 0:49:10]} 29. g3
{[%clk 0:22:01]} fxg3 {[%clk 0:49:00]} 30. Nxg3 {[%clk 0:22:05]} h4
{[%clk 0:48:40]} 31. Ne2 {[%clk 0:21:46]} Rfb8 {[%clk 0:46:47]} 32. Rab1
{[%clk 0:21:30]} Bh6 {[%clk 0:46:02]} 33. Rxb7 {[%clk 0:21:19]} Rxb7
{[%clk 0:46:27]} 34. Rb1 {[%clk 0:21:25]} Kh7 {[%clk 0:44:24]} 35. Rxb7
{[%clk 0:21:15]} Qxb7 {[%clk 0:44:51]} 36. Qb3 {[%clk 0:20:39]} Qxb3
{[%clk 0:43:31]} 37. axb3 {[%clk 0:20:47]} Be3+ {[%clk 0:43:45]} 38. Kg2
{[%clk 0:19:42]} Kh6 {[%clk 0:43:33]} 39. Nc3 {[%clk 0:19:09]} Kg7
{[%clk 0:41:29]} 40. Ne2 {[%clk 0:18:23]} Bd2 {[%clk 0:40:58]} 41. Kf2
{[%clk 0:17:16]} Kh6 {[%clk 0:41:11]} 42. Ng1 {[%clk 0:16:58]} Kg5
{[%clk 0:41:09]} 43. Ke2 {[%clk 0:16:51]} Ba5 {[%clk 0:40:16]} 44. Kf2
{[%clk 0:16:13]} Nxf5 {[%clk 0:39:24]} 45. Ne2 {[%clk 0:15:58]} Bd2
{[%clk 0:37:49]} 46. Bb1 {[%clk 0:15:32]} a5 {[%clk 0:37:15]} 47. Be4
{[%clk 0:14:06]} Ne7 {[%clk 0:36:38]} 48. Bb1 {[%clk 0:13:48]} f5
{[%clk 0:36:59]} 49. Ng1 {[%clk 0:13:27]} Ng6 {[%clk 0:36:50]} 50. Ne2
{[%clk 0:12:53]} Nf4 51. Nxf4 {[%clk 0:12:49]} Kxf4 {[%clk 0:35:40]} 52. Bc2
{[%clk 0:12:40]} e4 {[%clk 0:35:28]} 53. fxe4 {[%clk 0:12:18]} fxe4
{[%clk 0:35:54]} 54. Bb1 {[%clk 0:11:52]} Ke5 {[%clk 0:35:58]} 55. Ke2
{[%clk 0:11:14]} Bf4 {[%clk 0:35:26]} 56. Bc2 {[%clk 0:10:38]} Kd4
{[%clk 0:35:38]} 57. Bd1 {[%clk 0:10:17]} Kc3 {[%clk 0:35:33]} 58. Ke1
{[%clk 0:10:02]} e3 {[%clk 0:35:08]} 59. Ke2 {[%clk 0:09:53]} Kb2
{[%clk 0:35:10]} 60. Kd3 {[%clk 0:09:33]} Bg5 {[%clk 0:34:53]} 61. Ke2
{[%clk 0:08:48]} Kc1 {[%clk 0:34:38]} 62. Ke1 {[%clk 0:09:00]} Bf4
{[%clk 0:34:51]} 63. Bg4 {[%clk 0:07:40]} Bg3+ {[%clk 0:34:54]} 64. Ke2
{[%clk 0:07:19]} Kc2 {[%clk 0:35:19]} 65. Kxe3 {[%clk 0:07:13]} Kxb3
{[%clk 0:35:40]} 66. Kd3 {[%clk 0:06:53]} a4 {[%clk 0:35:44]} 67. Bd1+
{[%clk 0:06:41]} Kb4 {[%clk 0:36:04]} 68. Kd2 {[%clk 0:05:38]} Kxc4
{[%clk 0:36:15]} 69. Bxa4 {[%clk 0:05:58]} Kxd5 {[%clk 0:36:37]} 70. Kd3
{[%clk 0:05:44]} c4+ {[%clk 0:36:46]} 71. Kc2 {[%clk 0:05:47]} Kd4
{[%clk 0:37:03]} 72. Bd7 {[%clk 0:05:40]} d5 {[%clk 0:37:10]} 73. Be6
{[%clk 0:05:52]} Kc5 {[%clk 0:36:56]} 74. Bf5 {[%clk 0:04:56]} Kd4
{[%clk 0:36:08]} 75. Be6 {[%clk 0:04:56]} Be1 {[%clk 0:36:13]} 76. Kd1
{[%clk 0:04:21]} Ba5 {[%clk 0:36:34]} 77. Kc2 {[%clk 0:04:42]} Bd8
{[%clk 0:35:41]} 78. Bf5 {[%clk 0:04:36]} Bf6 {[%clk 0:36:00]} 79. Bg6
{[%clk 0:04:39]} Kc5 {[%clk 0:35:08]} 80. Bf5 {[%clk 0:04:35]} d4
{[%clk 0:35:25]} 81. Bg6 {[%clk 0:04:21]} Kd6 {[%clk 0:35:06]} 82. Bf7
{[%clk 0:03:08]} d3+ {[%clk 0:35:13]} 83. Kd2 {[%clk 0:03:15]} Kc5
{[%clk 0:35:31]} 84. Bg6 {[%clk 0:03:15]} Kd4 {[%clk 0:35:50]} 85. Kd1
{[%clk 0:02:15]} c3 {[%clk 0:35:52]} 86. Kc1 {[%clk 0:02:14]} Bg5+
{[%clk 0:35:59]} 87. Kd1 {[%clk 0:02:25]} c2+ {[%clk 0:36:22]} 0-1

[Event "V4Liptov2018"]
[Site "?"]
[Date "2018.06.26"]
[Round "7.23"]
[White "Bango, Dominik"]
[Black "Ciglian, Michal"]
[Result "1-0"]
[BlackElo "1518"]
[WhiteElo "1861"]
[LiveChessVersion "1.4.8"]

1. e4 {[%clk 0:56:11]} e5 {[%clk 1:00:52]} 2. Nf3 {[%clk 0:56:17]} Nc6
{[%clk 1:01:16]} 3. Bb5 {[%clk 0:56:42]} a6 {[%clk 1:01:41]} 4. Ba4
{[%clk 0:57:10]} Nf6 {[%clk 1:02:04]} 5. O-O {[%clk 0:57:26]} Nxe4
{[%clk 1:02:11]} 6. Re1 {[%clk 0:57:31]} d5 {[%clk 1:02:07]} 7. d3
{[%clk 0:57:50]} Nxf2 {[%clk 1:00:31]} 8. Bxc6+ {[%clk 0:57:43]} bxc6
{[%clk 1:00:49]} 9. Rxe5+ {[%clk 0:57:55]} Be6 {[%clk 1:00:24]} 10. Kxf2
{[%clk 0:58:09]} Bc5+ {[%clk 1:00:49]} 11. d4 {[%clk 0:58:27]} Bb6
{[%clk 1:01:12]} 12. c3 {[%clk 0:55:26]} O-O {[%clk 1:01:18]} 13. Qd3
{[%clk 0:55:06]} Bg4 {[%clk 1:00:41]} 14. h3 {[%clk 0:51:16]} Bxf3
{[%clk 1:00:49]} 15. Qxf3 {[%clk 0:51:38]} Qh4+ {[%clk 1:01:11]} 16. Qg3
{[%clk 0:51:39]} Qf6+ {[%clk 1:01:30]} 17. Qf4 {[%clk 0:51:42]} Qxf4+
{[%clk 0:59:38]} 18. Bxf4 {[%clk 0:52:06]} Rae8 {[%clk 1:00:02]} 19. Nd2
{[%clk 0:52:12]} Rxe5 {[%clk 0:59:43]} 20. Bxe5 {[%clk 0:52:33]} f6
{[%clk 0:59:00]} 21. Bg3 {[%clk 0:52:31]} g5 {[%clk 0:59:03]} 22. Nf3
{[%clk 0:52:05]} h5 {[%clk 0:59:13]} 23. Re1 {[%clk 0:52:01]} Kf7
{[%clk 0:59:16]} 24. Ke2 {[%clk 0:52:21]} Rg8 {[%clk 0:58:11]} 25. Nh2
{[%clk 0:50:20]} f5 {[%clk 0:56:54]} 26. Be5 {[%clk 0:50:38]} g4 {[%clk 0:57:11]}
27. Rf1 {[%clk 0:50:09]} Ke6 {[%clk 0:57:36]} 28. hxg4 {[%clk 0:50:05]} hxg4
{[%clk 0:57:59]} 29. Rd1 {[%clk 0:46:31]} Rg6 {[%clk 0:57:03]} 30. Nf1
{[%clk 0:46:14]} Rh6 {[%clk 0:57:00]} 31. Ne3 {[%clk 0:45:54]} Rh5
{[%clk 0:57:10]} 32. Nc2 {[%clk 0:45:06]} Kf7 {[%clk 0:57:29]} 33. Nb4
{[%clk 0:44:59]} Rh6 {[%clk 0:56:51]} 34. Rf1 {[%clk 0:45:25]} Re6
{[%clk 0:56:51]} 35. Kd3 {[%clk 0:44:33]} a5 {[%clk 0:57:01]} 36. Na6
{[%clk 0:44:25]} Re7 {[%clk 0:57:12]} 37. Rxf5+ {[%clk 0:44:42]} Ke6
{[%clk 0:57:33]} 38. Rf6+ {[%clk 0:44:53]} Kd7 {[%clk 0:57:58]} 39. Nb8+
{[%clk 0:45:12]} Kc8 {[%clk 0:58:20]} 40. Nxc6 {[%clk 0:45:25]} Re8
{[%clk 0:58:36]} 41. Rf7 {[%clk 0:44:35]} Kb7 {[%clk 0:58:51]} 42. Ne7
{[%clk 0:44:45]} c6 {[%clk 0:58:33]} 43. Nxd5+ {[%clk 0:44:57]} 1-0

[Event "V4Liptov2018"]
[Site "?"]
[Date "2018.06.26"]
[Round "7.24"]
[White "Subjakova, Kristina"]
[Black "Kramar, Matus"]
[Result "1/2-1/2"]
[BlackElo "1680"]
[WhiteElo "1526"]
[LiveChessVersion "1.4.8"]

1. e4 {[%clk 1:00:58]} c5 {[%clk 0:58:28]} 2. Nf3 {[%clk 1:01:24]} d6
{[%clk 0:58:51]} 3. d4 {[%clk 1:01:49]} cxd4 {[%clk 0:59:18]} 4. Nxd4
{[%clk 1:02:15]} Nf6 {[%clk 0:59:41]} 5. Nc3 {[%clk 1:02:39]} g6 {[%clk 0:59:58]}
6. Be3 {[%clk 1:03:04]} Bg7 {[%clk 1:00:15]} 7. f3 {[%clk 1:03:30]} O-O
{[%clk 1:00:32]} 8. Bc4 {[%clk 1:03:55]} Bd7 {[%clk 1:00:31]} 9. Qd2
{[%clk 1:04:20]} Nc6 {[%clk 1:00:43]} 10. O-O-O {[%clk 1:04:40]} Rc8
{[%clk 1:00:56]} 11. Bb3 {[%clk 1:05:04]} a6 {[%clk 0:59:16]} 12. g4
{[%clk 1:05:26]} b5 {[%clk 0:58:58]} 13. a3 {[%clk 1:05:48]} Na5 {[%clk 0:58:42]}
14. h4 {[%clk 1:05:54]} Nc4 {[%clk 0:58:05]} 15. Bxc4 {[%clk 1:06:11]} Rxc4
{[%clk 0:58:26]} 16. h5 {[%clk 1:05:37]} b4 {[%clk 0:40:26]} 17. axb4
{[%clk 1:03:44]} Rxb4 {[%clk 0:40:45]} 18. Nb1 {[%clk 1:03:48]} Qb8
{[%clk 0:40:17]} 19. c3 {[%clk 1:02:48]} Rc8 {[%clk 0:39:41]} 20. Rh2
{[%clk 1:01:07]} Qb7 {[%clk 0:27:19]} 21. Rdh1 {[%clk 0:55:49]} Ba4
{[%clk 0:26:17]} 22. hxg6 {[%clk 0:53:20]} fxg6 {[%clk 0:26:13]} 23. Ne6
{[%clk 0:51:01]} Rbc4 {[%clk 0:15:34]} 24. Ng5 {[%clk 0:46:19]} h5
{[%clk 0:14:13]} 25. gxh5 {[%clk 0:43:12]} Nxh5 {[%clk 0:14:31]} 26. Ne6
{[%clk 0:41:17]} Be5 {[%clk 0:10:00]} 27. Rg2 {[%clk 0:39:08]} Kf7
{[%clk 0:07:47]} 28. Ng5+ {[%clk 0:37:49]} Ke8 {[%clk 0:07:54]} 29. Ne6
{[%clk 0:36:36]} Qb3 {[%clk 0:07:10]} 30. Nd4 {[%clk 0:36:20]} Bxd4
{[%clk 0:06:36]} 31. Bxd4 {[%clk 0:36:43]} Kf7 {[%clk 0:04:05]} 32. Rhg1
{[%clk 0:33:27]} 1/2-1/2

[Event "V4Liptov2018"]
[Site "?"]
[Date "2018.06.26"]
[Round "7.25"]
[White "Chwistek, Karel"]
[Black "Ptacek, Jan"]
[Result "1-0"]
[BlackElo "1847"]
[WhiteElo "2045"]
[LiveChessVersion "1.4.8"]

1. e4 {[%clk 0:59:08]} c5 {[%clk 1:00:54]} 2. Nc3 {[%clk 0:59:22]} d6
{[%clk 1:00:57]} 3. f4 {[%clk 0:59:36]} Nc6 {[%clk 1:01:12]} 4. Nf3
{[%clk 0:59:58]} g6 {[%clk 1:01:34]} 5. Bc4 {[%clk 1:00:03]} Bg7 {[%clk 1:01:50]}
6. d3 {[%clk 1:00:22]} e6 {[%clk 1:02:05]} 7. O-O {[%clk 1:00:41]} Nge7
{[%clk 1:02:20]} 8. Qe1 {[%clk 1:00:57]} O-O {[%clk 1:01:19]} 9. f5
{[%clk 0:51:24]} Na5 {[%clk 0:50:20]} 10. Qh4 {[%clk 0:34:33]} gxf5
{[%clk 0:45:06]} 11. Bh6 {[%clk 0:28:13]} Nxc4 {[%clk 0:36:17]} 12. dxc4
{[%clk 0:26:08]} f6 {[%clk 0:27:11]} 13. Bxg7 {[%clk 0:23:44]} Kxg7
{[%clk 0:27:39]} 14. Rad1 {[%clk 0:23:06]} Ng6 {[%clk 0:23:47]} 15. Qf2
{[%clk 0:22:30]} fxe4 {[%clk 0:19:59]} 16. Nxe4 {[%clk 0:22:45]} d5
{[%clk 0:18:53]} 17. cxd5 {[%clk 0:23:04]} exd5 {[%clk 0:17:52]} 18. Qxc5
{[%clk 0:19:35]} b6 {[%clk 0:17:29]} 19. Qxd5 {[%clk 0:15:58]} Qxd5
{[%clk 0:17:57]} 20. Rxd5 {[%clk 0:16:22]} Ba6 {[%clk 0:17:53]} 21. Rfd1
{[%clk 0:15:11]} Rf7 {[%clk 0:16:46]} 22. Nd6 {[%clk 0:13:26]} Rc7
{[%clk 0:16:43]} 23. Nf5+ {[%clk 0:13:03]} Kg8 {[%clk 0:17:11]} 24. N3d4
{[%clk 0:10:27]} Re8 {[%clk 0:16:41]} 25. b3 {[%clk 0:09:22]} Ne7
{[%clk 0:16:31]} 26. Nh6+ {[%clk 0:08:01]} Kg7 {[%clk 0:15:19]} 27. Ne6+
{[%clk 0:08:03]} Kxh6 {[%clk 0:15:40]} 28. Nxc7 {[%clk 0:08:30]} Nxd5
{[%clk 0:15:52]} 29. Nxe8 {[%clk 0:08:38]} 1-0